[Event "Ceske sachove Vanoce"]
[Site "?"]
[Date "2015.12.28"]
[Round "4"]
[White "Cerveny, Martin"]
[Black "Weinzettl, Ernst"]
[Result "1-0"]
[WhiteElo "2417"]
[BlackElo "2304"]
[PlyCount "153"]

1. d4 Nf6 2. c4 g6 3. Nc3 Bg7 4. e4 d6 5. f3 O-O 6. Be3 a6 7. Qd2 Nbd7 8. Nge2
c5 9. d5 b5 10. cxb5 Qa5 11. Nc1 Nb6 12. a3 axb5 13. Nb3 Qa7 14. Nxb5 Qa4 15.
Nc1 Nc4 16. Bxc4 Qxc4 17. a4 Bd7 18. b3 Nxe4 19. fxe4 Qxe4 20. Nc3 Bxc3 21.
Qxc3 Qxg2 22. Rg1 Qxh2 23. Ne2 Rfb8 24. Kd2 Rb4 25. Raf1 Rab8 26. Rf2 Qh5 27.
Rg5 Qh4 28. Nc1 c4 29. Rg1 Qe4 30. Rf4 Qxd5+ 31. Rd4 Qe6 32. Re1 Qh3 33. a5
R4b5 34. Rxc4 Be6 35. Rc7 Bxb3 36. Rxe7 Be6 37. Nd3 Rb3 38. Qc6 Rxd3+ 39. Kxd3
Qf5+ 40. Ke2 Rb2+ 41. Bd2 Qg4+ 42. Kd3 Bf5+ 43. R7e4 Qf3+ 44. R1e3 Qf1+ 45. Re2
Qf3+ 46. Kd4 Bxe4 47. Qe8+ Kg7 48. Qxe4 Qb3 49. Bc3 Rxe2 50. Qxe2 h5 51. Qc4
Qd1+ 52. Qd3 Qg1+ 53. Kd5+ Kh6 54. Kxd6 h4 55. Bd2+ g5 56. a6 Qb6+ 57. Kd7 Qe6+
58. Kc7 h3 59. a7 Qe7+ 60. Kb6 Qe6+ 61. Kb5 Qe5+ 62. Kb6 Qe6+ 63. Kc7 Qe7+ 64.
Qd7 Qc5+ 65. Kb8 Qe5+ 66. Kc8 Qc5+ 67. Qc7 Qf5+ 68. Kd8 Qd5+ 69. Ke7 Qe6+ 70.
Kf8 Qa6 71. Bb4 Kh5 72. Qxf7+ Kg4 73. Qd7+ Kh5 74. Qxh3+ Kg6 75. Qd7 Qf1+ 76.
Ke8 Qf3 77. Qe6+ 1-0

[Event "Ceske sachove Vanoce"]
[Site "?"]
[Date "2015.12.30"]
[Round "6"]
[White "Chojnacki, Krzysztof"]
[Black "Kulhanek, Tomas"]
[Result "1/2-1/2"]
[WhiteElo "2375"]
[BlackElo "2368"]
[PlyCount "26"]

1. d4 Nf6 2. c4 e6 3. Nc3 Bb4 4. e3 O-O 5. Nge2 Re8 6. a3 Bf8 7. Ng3 d6 8. Be2
Nbd7 9. e4 e5 10. d5 g6 11. h4 h5 12. Bg5 Be7 13. Nf1 Nc5 1/2-1/2

[Event "Ceske sachove Vanoce"]
[Site "?"]
[Date "2015.12.30"]
[Round "6"]
[White "Jasny, Stanislav"]
[Black "Neuman, Petr"]
[Result "1/2-1/2"]
[WhiteElo "2369"]
[BlackElo "2426"]
[PlyCount "30"]

1. e4 d6 2. d4 Nf6 3. Nc3 e5 4. Nf3 Nbd7 5. Bc4 Be7 6. O-O O-O 7. Re1 c6 8. a4
a5 9. b3 exd4 10. Nxd4 Nb6 11. Bd3 d5 12. e5 Ne8 13. Nce2 g6 14. Bh6 Ng7 15.
Qd2 c5 1/2-1/2

[Event "Ceske sachove Vanoce"]
[Site "?"]
[Date "2015.12.30"]
[Round "6"]
[White "Cerveny, Martin"]
[Black "Kozusek, Daniel"]
[Result "1-0"]
[WhiteElo "2417"]
[BlackElo "2272"]
[PlyCount "85"]

1. d4 Nf6 2. Nf3 e6 3. c4 b6 4. g3 Ba6 5. Qa4 Bb7 6. Bg2 c5 7. dxc5 bxc5 8. O-O
Be7 9. Rd1 O-O 10. Nc3 Qb6 11. Bf4 Rd8 12. Qb5 d6 13. Rd2 Nc6 14. Rad1 d5 15.
Qxb6 axb6 16. Ne5 Nxe5 17. Bxe5 Rd7 18. cxd5 exd5 19. Bxf6 Bxf6 20. Nxd5 Bxd5
21. Bxd5 Rc8 22. Bc4 Rxd2 23. Rxd2 Rd8 24. Rxd8+ Bxd8 25. Kg2 Bf6 26. b3 Bc3
27. f4 Kf8 28. Kf3 f5 29. Be6 g6 30. e4 fxe4+ 31. Kxe4 Ke7 32. Bg8 h5 33. h3
Kf6 34. Bc4 Be1 35. g4 hxg4 36. hxg4 Bd2 37. Kd5 Bxf4 38. Kc6 Kg5 39. Kxb6 Kxg4
40. a4 Kf3 41. a5 Ke4 42. a6 Bb8 43. Kb7 1-0

[Event "Ceske sachove Vanoce"]
[Site "?"]
[Date "2015.12.30"]
[Round "6"]
[White "Batyte, Daiva"]
[Black "Druska, Juraj"]
[Result "0-1"]
[WhiteElo "2130"]
[BlackElo "2466"]
[PlyCount "72"]

1. c4 c5 2. Nc3 Nc6 3. Nf3 g6 4. g3 Bg7 5. Bg2 d6 6. d3 e6 7. e4 Nge7 8. O-O
O-O 9. Be3 e5 10. Qd2 f5 11. exf5 Bxf5 12. Ng5 Nd4 13. f4 Qd7 14. Nd5 Nec6 15.
fxe5 Nxe5 16. Bxd4 cxd4 17. Ne4 Rae8 18. Qg5 Kh8 19. Qh4 Qd8 20. Qxd8 Rxd8 21.
Nf4 Bh6 22. Rad1 Ng4 23. Rd2 Ne3 24. Rff2 g5 25. Ne2 g4 26. Nf4 d5 27. cxd5
Nxd5 28. Nc5 Nxf4 29. gxf4 b6 30. Nb3 Bg6 31. Rd1 Bxf4 32. Kh1 Be3 33. Rff1
Rxf1+ 34. Bxf1 Rf8 35. Be2 Rf2 36. Bxg4 Bf7 0-1

[Event "Ceske sachove Vanoce"]
[Site "?"]
[Date "2015.12.30"]
[Round "6"]
[White "Szumilas, Piotr"]
[Black "Frolov, Artur"]
[Result "1-0"]
[WhiteElo "2156"]
[BlackElo "2499"]
[PlyCount "81"]

1. e4 e5 2. Nf3 Nc6 3. Bc4 Bc5 4. c3 Nf6 5. d3 d6 6. O-O Bb6 7. Bb3 O-O 8. Bg5
h6 9. Bh4 Be6 10. Nbd2 Kh7 11. Nc4 Ne7 12. Bxf6 gxf6 13. Nh4 Rg8 14. Ne3 c6 15.
Qf3 Ng6 16. Nhf5 Nf4 17. g3 Bxe3 18. fxe3 Nxd3 19. Rad1 Nc5 20. Bxe6 fxe6 21.
Nxd6 Qe7 22. b4 Na4 23. Qxf6 Qxf6 24. Rxf6 Rad8 25. Rf7+ Kg6 26. Re7 Nxc3 27.
Rxe6+ Kh7 28. Rf1 Nxa2 29. Rff6 Rg5 30. Rxh6+ Kg8 31. Kg2 Nxb4 32. h4 Rg7 33.
Nf5 a5 34. Nxg7 Kxg7 35. Reg6+ Kf7 36. h5 b5 37. Rh7+ Kf8 38. h6 Rd2+ 39. Kh3
Rd1 40. Kg4 a4 41. Rgg7 1-0

[Event "Ceske sachove Vanoce"]
[Site "?"]
[Date "2015.12.31"]
[Round "7"]
[White "Neuman, Petr"]
[Black "Pulpan, Jakub"]
[Result "1-0"]
[WhiteElo "2426"]
[BlackElo "2341"]
[PlyCount "37"]

1. d4 Nf6 2. c4 e6 3. Nc3 Bb4 4. Qc2 d5 5. a3 Bxc3+ 6. Qxc3 Ne4 7. Qc2 c5 8. e3
cxd4 9. cxd5 Qxd5 10. Nf3 Nd6 11. Nxd4 Bd7 12. f3 Nc6 13. Nxc6 Bxc6 14. Be2
O-O-O 15. O-O f5 16. a4 Rhe8 17. b4 f4 18. Ra3 fxe3 19. b5 1-0

[Event "Ceske sachove Vanoce"]
[Site "?"]
[Date "2015.12.31"]
[Round "7"]
[White "Frolov, Artur"]
[Black "Chojnacki, Krzysztof"]
[Result "0-1"]
[WhiteElo "2499"]
[BlackElo "2375"]
[PlyCount "142"]

1. e4 e5 2. Nf3 Nc6 3. Bb5 a6 4. Ba4 Nf6 5. O-O Be7 6. Bxc6 dxc6 7. d3 Nd7 8.
b3 c5 9. Bb2 Bf6 10. Nc3 O-O 11. Kh1 g6 12. Nd5 Bg7 13. Ng1 Nf6 14. Nxf6+ Bxf6
15. Ne2 Bd7 16. f4 exf4 17. Bxf6 Qxf6 18. Nxf4 Qe5 19. Nd5 f5 20. Qd2 Bc6 21.
c4 Rae8 22. exf5 Bxd5 23. cxd5 Rxf5 24. h3 Qxd5 25. Rxf5 Qxf5 26. Re1 Rxe1+ 27.
Qxe1 Qd7 28. Qe4 b5 29. a4 Kf7 30. a5 Qd4 31. Qf3+ Kg7 32. Qc6 Qd6 33. Qb7 Kf6
34. Qe4 Kf7 35. Qe3 b4 36. Qe4 Kf6 37. Qc4 Ke7 38. Qh4+ Ke6 39. Qg4+ Kf6 40.
Qh4+ Kg7 41. Qe4 h5 42. Qc4 Kf6 43. Qe4 Qe5 44. Qc6+ Qe6 45. Qa8 Ke7 46. Qa7
Qe1+ 47. Kh2 Qe5+ 48. Kh1 Qa1+ 49. Kh2 Qxa5 50. Qb7 Qb6 51. Qe4+ Qe6 52. Qb7
Kd7 53. Qa7 Qb6 54. Qa8 Qd6+ 55. Kh1 Qxd3 56. Qg8 Qd1+ 57. Kh2 Qd6+ 58. Kh1 Qe6
59. Qg7+ Kc6 60. Qb2 Kb5 61. Qc2 h4 62. Qd3+ Kb6 63. Qc2 Kb5 64. Qd3+ c4 65.
bxc4+ Qxc4 66. Qxg6 b3 67. Qf5+ Ka4 68. Qe5 c5 69. Qa1+ Kb5 70. g4 hxg3 71. Kg2
Qf4 0-1

[Event "Ceske sachove Vanoce"]
[Site "?"]
[Date "2015.12.31"]
[Round "7"]
[White "Sabuk, Piotr"]
[Black "Chudinovskikh, Alexander M."]
[Result "1/2-1/2"]
[WhiteElo "2417"]
[BlackElo "2241"]
[PlyCount "133"]

1. e4 e5 2. Nf3 Nc6 3. Bb5 a6 4. Ba4 Nf6 5. O-O Be7 6. d3 d6 7. c3 O-O 8. Re1
Re8 9. Nbd2 Bf8 10. Nf1 h6 11. Ng3 g6 12. d4 b5 13. Bc2 Bg7 14. a4 Bb7 15. d5
Na5 16. axb5 axb5 17. Bd3 c6 18. Nd2 cxd5 19. Bxb5 Re7 20. b4 Nc6 21. Rxa8 Qxa8
22. exd5 Na7 23. Bf1 Nxd5 24. Nge4 Nc8 25. Nc4 Nf4 26. Bxf4 Bxe4 27. Be3 d5 28.
Nd2 Bf5 29. Bc5 Rd7 30. Bb5 Rd8 31. Nf3 Qb8 32. Qa4 d4 33. cxd4 exd4 34. Nh4
Nd6 35. Bxd6 Qxd6 36. Nxf5 gxf5 37. Bd3 Bf8 38. Rb1 Qf4 39. Qa5 Rc8 40. g3 Rc1+
41. Kg2 Qc7 42. Qxf5 Be7 43. Rb2 Qc6+ 44. Be4 Qc4 45. Bd3 Qc6+ 46. f3 Qe6 47.
Qxe6 fxe6 48. f4 Bf8 49. Kf3 Re1 50. Bc4 Kf7 51. f5 d3 52. b5 Bc5 53. Rd2 Rf1+
54. Ke4 Rxf5 55. Rxd3 Rf2 56. Rd7+ Kf6 57. h4 Rg2 58. Kf3 Rc2 59. Bd3 Rd2 60.
Ke4 Rg2 61. Rh7 Rxg3 62. Rxh6+ Kg7 63. Rxe6 Re3+ 64. Kd5 Rxe6 65. Kxe6 Kh6 66.
Be2 Bf2 67. h5 1/2-1/2

[Event "Ceske sachove Vanoce"]
[Site "?"]
[Date "2015.12.31"]
[Round "7"]
[White "Druska, Juraj"]
[Black "Szumilas, Piotr"]
[Result "1-0"]
[WhiteElo "2466"]
[BlackElo "2156"]
[PlyCount "120"]
[SourceDate "2015.12.31"]

1. e4 c5 2. Nf3 Nc6 3. d4 cxd4 4. Nxd4 e6 5. Nc3 Qc7 6. Be3 a6 7. Qd2 Nf6 8.
O-O-O Bb4 9. f3 Ne5 10. Nb3 b5 11. Qd4 Nc6 12. Qb6 Qxb6 13. Bxb6 Bxc3 14. bxc3
d5 15. Nc5 O-O 16. Be2 Ne5 17. Rd2 Ned7 18. Nxd7 Nxd7 19. Bd4 Bb7 20. e5 Rfc8
21. Rdd1 Nc5 22. Kd2 Rc7 23. Rb1 Rac8 24. Bd3 Kf8 25. Rb4 Ke7 26. Rhb1 Na4 27.
R1b3 Bc6 28. Ra3 Be8 29. Rb1 h6 30. Rbb3 Bd7 31. Rb1 f5 32. Rh1 Rf8 33. h3 Be8
34. Rf1 Rg8 35. g4 g6 36. Rg1 Bf7 37. h4 h5 38. Rb3 hxg4 39. fxg4 Rf8 40. Rbb1
Be8 41. Rbf1 Kd8 42. h5 Rh7 43. hxg6 Bxg6 44. gxf5 Bxf5 45. Bxf5 exf5 46. Rg6
Rh2+ 47. Kc1 Kc7 48. Rfg1 Kb7 49. Rg7+ Kb8 50. R1g6 f4 51. Rf6 Rh1+ 52. Kd2
Rfh8 53. Rxf4 Nb2 54. e6 Nc4+ 55. Ke2 R1h2+ 56. Bf2 R2h6 57. Bg3 Kc8 58. Rf2
Rxe6+ 59. Kd3 Ne5+ 60. Bxe5 Rxe5 1-0

[Event "Ceske sachove Vanoce"]
[Site "?"]
[Date "2016.01.01"]
[Round "8"]
[White "Neuman, Petr"]
[Black "Druska, Juraj"]
[Result "1/2-1/2"]
[WhiteElo "2426"]
[BlackElo "2466"]
[PlyCount "34"]
[SourceDate "2016.01.01"]

1. Nf3 c5 2. g3 b6 3. Bg2 Bb7 4. O-O g6 5. c4 Bg7 6. Nc3 Nf6 7. d4 cxd4 8. Nxd4
Bxg2 9. Kxg2 O-O 10. Nc2 Qc7 11. Ne3 Nc6 12. Kg1 Rfe8 13. Bd2 Ne5 14. b3 d6 15.
Rc1 Rac8 16. Ncd5 Nxd5 17. Nxd5 Qb7 1/2-1/2

[Event "Ceske sachove Vanoce"]
[Site "?"]
[Date "2016.01.01"]
[Round "8"]
[White "Jasny, Stanislav"]
[Black "Kozusek, Daniel"]
[Result "1-0"]
[WhiteElo "2369"]
[BlackElo "2272"]
[PlyCount "57"]

1. e4 c5 2. Nf3 d6 3. d4 cxd4 4. Nxd4 Nf6 5. Nc3 a6 6. Be2 e5 7. Nb3 Be7 8. O-O
O-O 9. Re1 Be6 10. Bf3 Nbd7 11. a4 Rc8 12. a5 Qc7 13. Nd2 Rfd8 14. Nf1 d5 15.
exd5 Nc5 16. Ng3 e4 17. Ngxe4 Ncxe4 18. Bxe4 Bb4 19. Bg5 Bxc3 20. bxc3 Qxc3 21.
Re3 Qb2 22. Rb1 Qa2 23. Bxf6 gxf6 24. Rd3 Bd7 25. Rg3+ Kh8 26. Bxh7 Bg4 27.
Rxg4 Kxh7 28. Qd3+ Kh8 29. Qh3# 1-0

[Event "Ceske sachove Vanoce"]
[Site "?"]
[Date "2016.01.01"]
[Round "8"]
[White "Koziol, Kamil"]
[Black "Cerveny, Martin"]
[Result "1/2-1/2"]
[WhiteElo "2229"]
[BlackElo "2417"]
[PlyCount "91"]
[EventDate "2016.??.??"]

1. e4 c5 2. Nf3 d6 3. d4 cxd4 4. Nxd4 Nf6 5. Nc3 a6 6. Be3 e5 7. Nb3 Be6 8. h3
Nbd7 9. g4 Rc8 10. g5 Rxc3 11. gxf6 Rxe3+ 12. fxe3 Qxf6 13. Qd2 Qh4+ 14. Qf2
Qxe4 15. Bg2 Qb4+ 16. Qd2 Qh4+ 17. Qf2 Qa4 18. O-O Qb4 19. a3 Qb6 20. e4 Qc7
21. Kh1 Be7 22. Nc1 O-O 23. Nd3 a5 24. b4 a4 25. Nb2 b5 26. c4 Bxc4 27. Nxc4
bxc4 28. Rac1 Bg5 29. Rc3 Bf4 30. Qc2 Nb6 31. Rd1 Rc8 32. Bf1 Qd7 33. Be2 Rc6
34. Bg4 Qe7 35. Qf2 g6 36. Bf3 Qf6 37. Bg2 Kg7 38. Rf1 h5 39. Rd1 h4 40. Rf1
Qg5 41. Rd1 Qe7 42. Qe2 Qe6 43. Qc2 Nd7 44. Qxa4 Rb6 45. Qa7 Bg3 46. Qc7
1/2-1/2

?"]
[Date "2016.01.01"]
[Round "8"]
[White "Koziol, Kamil"]
[Black "Cerveny, Martin"]
[Result "1/2-1/2"]
[WhiteElo "2229"]
[BlackElo "2417"]
[PlyCount "91"]
[EventDate "2016.??.??"]

1. e4 c5 2. Nf3 d6 3. d4 cxd4 4. Nxd4 Nf6 5. Nc3 a6 6. Be3 e5 7. Nb3 Be6 8. h3
Nbd7 9. g4 Rc8 10. g5 Rxc3 11. gxf6 Rxe3+ 12. fxe3 Qxf6 13. Qd2 Qh4+ 14. Qf2
Qxe4 15. Bg2 Qb4+ 16. Qd2 Qh4+ 17. Qf2 Qa4 18. O-O Qb4 19. a3 Qb6 20. e4 Qc7
21. Kh1 Be7 22. Nc1 O-O 23. Nd3 a5 24. b4 a4 25. Nb2 b5 26. c4 Bxc4 27. Nxc4
bxc4 28. Rac1 Bg5 29. Rc3 Bf4 30. Qc2 Nb6 31. Rd1 Rc8 32. Bf1 Qd7 33. Be2 Rc6
34. Bg4 Qe7 35. Qf2 g6 36. Bf3 Qf6 37. Bg2 Kg7 38. Rf1 h5 39. Rd1 h4 40. Rf1
Qg5 41. Rd1 Qe7 42. Qe2 Qe6 43. Qc2 Nd7 44. Qxa4 Rb6 45. Qa7 Bg3 46. Qc7
1/2-1/2

[Event "Ceske sachove Vanoce"]
[Site "?"]
[Date "2016.01.01"]
[Round "8"]
[White "Chojnacki, Krzysztof"]
[Black "Szumilas, Piotr"]
[Result "1-0"]
[WhiteElo "2375"]
[BlackElo "2156"]
[PlyCount "91"]
[EventDate "2016.??.??"]
[SourceDate "2016.01.02"]

1. d4 d5 2. c4 dxc4 3. e3 Nf6 4. Bxc4 e6 5. Nf3 c5 6. O-O a6 7. dxc5 Qxd1 8.
Rxd1 Bxc5 9. Be2 Nc6 10. Nbd2 Ke7 11. b3 Rd8 12. Bb2 b6 13. Ng5 Kf8 14. Bf3 Bb7
15. Nc4 Rxd1+ 16. Rxd1 Rd8 17. Bxf6 gxf6 18. Ne4 Rxd1+ 19. Bxd1 Ke7 20. Nxc5
bxc5 21. Bf3 Nd8 22. Bxb7 Nxb7 23. Kf1 Kd7 24. Ke2 Kc6 25. Kd3 Nd8 26. g4 Kb5
27. Kc3 Kc6 28. Kd3 Kb5 29. Nd6+ Kb4 30. Ne8 f5 31. g5 Nc6 32. f4 Na5 33. Nc7
Nxb3 34. axb3 Kxb3 35. Nxa6 c4+ 36. Kd2 c3+ 37. Kc1 c2 38. h4 Kc3 39. Nc5 Kc4
40. Nxe6 Kd3 41. Nd8 Kxe3 42. Nxf7 Kxf4 43. h5 Ke3 44. g6 hxg6 45. hxg6 f4 46.
Ng5 1-0

[Event "Ceske sachove Vanoce"]
[Site "?"]
[Date "2016.01.01"]
[Round "8"]
[White "Lukasiewicz, Grzegorz"]
[Black "Weinzettl, Ernst"]
[Result "1-0"]
[WhiteElo "2189"]
[BlackElo "2304"]
[PlyCount "121"]

1. d4 Nf6 2. Nf3 g6 3. c4 Bg7 4. Nc3 O-O 5. e4 d6 6. h3 Na6 7. Be3 e5 8. d5 Nc5
9. Bd3 Nxd3+ 10. Qxd3 Nh5 11. c5 f5 12. Bg5 Qe8 13. cxd6 cxd6 14. Nd2 h6 15. g4
fxg4 16. hxg4 Bxg4 17. Be3 Nf4 18. Qf1 Qd7 19. f3 Bh3 20. Qg1 Ng2+ 21. Ke2 g5
22. Rh2 Nxe3 23. Qxe3 g4 24. fxg4 Bxg4+ 25. Kd3 Rf4 26. Rg1 h5 27. Kc2 b5 28.
a3 a5 29. Qb6 Rc8 30. Qxa5 Kf7 31. Kb1 Rb8 32. Qb4 Qa7 33. Rc1 Qc5 34. Na2 Qxb4
35. Rc7+ Kg6 36. Nxb4 Rf7 37. Rc6 Rd7 38. Kc2 Bh6 39. Nd3 Kg5 40. Rg2 Kh4 41.
Nxe5 dxe5 42. Rxh6 Rc8+ 43. Kd3 Rf7 44. Rg1 Rf2 45. Rh1+ Kg3 46. R1xh5 Be2+ 47.
Ke3 Bxh5 48. Rxh5 Rf7 49. Rg5+ Kh3 50. Rxe5 Rc2 51. Nf3 Rd7 52. Rh5+ Kg3 53.
Rg5+ Kh3 54. Kf4 Rf7+ 55. Rf5 Rxf5+ 56. exf5 Rxb2 57. d6 Rb3 58. Nd4 Rxa3 59.
d7 Ra8 60. f6 Rd8 61. f7 1-0

[Event "Ceske sachove Vanoce"]
[Site "?"]
[Date "2016.01.02"]
[Round "9"]
[White "Frolov, Artur"]
[Black "Lukasiewicz, Grzegorz"]
[Result "1-0"]
[WhiteElo "2499"]
[BlackElo "2189"]
[PlyCount "79"]

1. e4 Nf6 2. e5 Nd5 3. d4 d6 4. Nf3 Bg4 5. Be2 c6 6. Ng5 Bf5 7. e6 fxe6 8. g4
Bg6 9. Bd3 Bxd3 10. Qxd3 Nf6 11. Nxe6 Qd7 12. Qe2 Na6 13. Nc3 Nc7 14. Nxc7+
Qxc7 15. Bg5 Nd5 16. Nxd5 cxd5 17. O-O-O Qc4 18. Qxc4 dxc4 19. d5 Rc8 20. Rhe1
Rc7 21. Be3 b6 22. Bd4 Rg8 23. Re3 g6 24. Rh3 h6 25. Re1 Kf7 26. Re6 g5 27. Kd2
Ke8 28. Kc3 Bg7 29. Bxg7 Rxg7 30. Rexh6 Rf7 31. Rh8+ Kd7 32. Rg8 Rc5 33. Rxg5
Rxf2 34. a4 a6 35. Re3 Rxh2 36. Rg7 Rxd5 37. Rexe7+ Kd8 38. Ra7 Rh3+ 39. Kxc4
Rc5+ 40. Kd4 1-0

[Event "Ceske sachove Vanoce"]
[Site "?"]
[Date "2016.01.02"]
[Round "9"]
[White "Cerveny, Martin"]
[Black "Pulpan, Jakub"]
[Result "1-0"]
[WhiteElo "2417"]
[BlackElo "2331"]
[PlyCount "75"]

1. c4 Nf6 2. Nf3 c5 3. g3 Nc6 4. Bg2 g6 5. O-O Bg7 6. Nc3 O-O 7. d3 d5 8. Bg5
d4 9. Na4 Qd6 10. a3 Nd7 11. Rb1 a5 12. e4 dxe3 13. Bxe3 Nd4 14. Nxd4 cxd4 15.
Bd2 Nc5 16. Nxc5 Qxc5 17. b4 axb4 18. axb4 Qc7 19. b5 Bd7 20. Bb4 Rfe8 21. Ra1
e5 22. Bd5 Rxa1 23. Qxa1 Bf5 24. Rd1 Bf8 25. Bxf8 Kxf8 26. Qa7 Re7 27. b6 Qc5
28. Ra1 Bxd3 29. Qb8+ Kg7 30. Ra8 Qb4 31. Qh8+ Kh6 32. Qf8+ Kg5 33. Ra1 e4 34.
Bxf7 e3 35. f4+ Kh5 36. Be6 Be2 37. h3 Qb2 38. Ra5+ 1-0

[Event "Ceske sachove Vanoce"]
[Site "?"]
[Date "2016.01.02"]
[Round "9"]
[White "Sabuk, Piotr"]
[Black "Koziol, Kamil"]
[Result "1/2-1/2"]
[WhiteElo "2417"]
[BlackElo "2229"]
[PlyCount "143"]

1. d4 d5 2. c4 e6 3. Nf3 c5 4. cxd5 exd5 5. g3 Nc6 6. Bg2 Nf6 7. O-O Be7 8. Nc3
O-O 9. Bg5 c4 10. Ne5 Be6 11. Nxc6 bxc6 12. b3 Qa5 13. Qd2 Bb4 14. Rfc1 Ba3 15.
Bxf6 Bxc1 16. Rxc1 gxf6 17. bxc4 Kg7 18. e4 dxe4 19. Bxe4 Rfd8 20. d5 cxd5 21.
cxd5 Rac8 22. Qe3 Bxd5 23. Bxd5 Rxd5 24. Nxd5 Rxc1+ 25. Qxc1 Qxd5 26. Qc2 a5
27. Qa4 Qe5 28. Kg2 Qd5+ 29. Kf1 Qd2 30. Qc4 Qd1+ 31. Kg2 Qd2 32. Kf3 Qd1+ 33.
Ke3 Qe1+ 34. Qe2 Qc3+ 35. Qd3 Qe5+ 36. Kf3 Qh5+ 37. Kg2 Qe5 38. h4 Qc5 39. Qb3
Qe5 40. Qc4 Qf5 41. Qd4 Qe6 42. a4 Qe2 43. g4 h6 44. Kg3 Qe1 45. Kf4 Qc1+ 46.
Kf3 Qc6+ 47. Ke3 Qc1+ 48. Kd3 Qd1+ 49. Ke3 Qc1+ 50. Ke2 Qc2+ 51. Kf3 Qc6+ 52.
Qe4 Qc3+ 53. Ke2 Qb2+ 54. Ke3 Qc3+ 55. Kf4 Qc7+ 56. Kf3 Qc3+ 57. Kg2 Qd2 58. h5
Qc3 59. Kf1 Qc1+ 60. Ke2 Qb2+ 61. Ke3 Qc3+ 62. Qd3 Qe5+ 63. Kf3 Qc5 64. Qe4
Qc3+ 65. Kg2 Qd2 66. Kg3 Qd6+ 67. Qf4 Qd3+ 68. f3 Qd1 69. Qc4 Qe1+ 70. Kg2 Qd2+
71. Kg3 Qe1+ 72. Kg2 1/2-1/2

[Event "Ceske sachove Vanoce"]
[Site "?"]
[Date "2016.01.02"]
[Round "9"]
[White "Druska, Juraj"]
[Black "Jasny, Stanislav"]
[Result "1/2-1/2"]
[WhiteElo "2466"]
[BlackElo "2369"]
[PlyCount "170"]

1. d4 d5 2. c4 c6 3. Nf3 Nf6 4. e3 e6 5. b3 Nbd7 6. Bb2 Bd6 7. Nbd2 O-O 8. Bd3
Qe7 9. Ne5 Ne4 10. Nxe4 dxe4 11. Bxe4 Nxe5 12. dxe5 Bb4+ 13. Kf1 Rd8 14. Qf3
Ba3 15. Bc3 Rb8 16. g3 b5 17. cxb5 Qc5 18. Bd4 Qxb5+ 19. Kg2 c5 20. Bc3 Ba6 21.
Rhd1 c4 22. Rxd8+ Rxd8 23. Rd1 Rxd1 24. Qxd1 cxb3 25. axb3 Bb7 26. Bxb7 Qxb7+
27. Kg1 Be7 28. Bd4 a6 29. Qd3 h5 30. Qd1 g6 31. h3 Qe4 32. f3 Qd5 33. Kf2 Bf8
34. Qc2 Be7 35. Qc8+ Kg7 36. Qc4 Qa5 37. Qc3 Qa2+ 38. Qb2 Qa5 39. g4 hxg4 40.
hxg4 Bf8 41. Qc2 Be7 42. Ke2 Bh4 43. Kd3 Qe1 44. f4 Qf1+ 45. Kc3 Qe1+ 46. Kd3
Qf1+ 47. Qe2 Qb1+ 48. Kc4 Qc1+ 49. Bc3 Be7 50. Qf3 Qa3 51. f5 Qc5+ 52. Kd3 Bf8
53. f6+ Kg8 54. Qe4 Qc8 55. Qd4 Qb8 56. Qc4 Qb7 57. Bd4 Qg2 58. Qc8 Qf1+ 59.
Kc2 Qe2+ 60. Kb1 Qf1+ 61. Ka2 Qg2+ 62. Kb1 Qg1+ 63. Kb2 Qxg4 64. Qxa6 Qg2+ 65.
Kc3 Qh1 66. Qe2 Qc1+ 67. Qc2 Bb4+ 68. Kd3 Qf1+ 69. Qe2 Qxe2+ 70. Kxe2 Kf8 71.
Kd3 Ke8 72. Kc4 Be1 73. b4 g5 74. Bc3 Bg3 75. Kd3 Kd7 76. Ke2 Bh4 77. b5 g4 78.
Bd4 Kc7 79. Kf1 Kb7 80. Ke2 Bg3 81. Kd3 Bh2 82. Ke4 Kc7 83. Bc5 Kb7 84. Bd4 Kc7
85. Bc5 Kb7 1/2-1/2